LIBRARY & INFORMATION CENTRE, KCAET, TAVANUR

ONLINE PUBLIC ACCESS CATALOGUE (OPAC)

Normal view MARC view
  • Kaul, Prateek

Entry Personal Name

Number of records used in: 7

001 - CONTROL NUMBER

  • control field: 4072

003 - CONTROL NUMBER IDENTIFIER

  • control field: OSt

005 - DATE AND TIME OF LATEST TRANSACTION

  • control field: 20190517130610.0

008 - FIXED-LENGTH DATA ELEMENTS

  • fixed length control field: 190517|| aca||aabn | a|a d

040 ## - CATALOGING SOURCE

  • Original cataloging agency: OSt
  • Transcribing agency: OSt

100 ## - HEADING--PERSONAL NAME

  • Personal name: Kaul, Prateek

670 ## - SOURCE DATA FOUND

  • Source citation: Work cat.: (OSt): Kaul, S N 4070, Practical Problems with Solutions in Wastewater Engineering, 2016
free website counter